000 00757nam a22002417i 4500
003 URS
005 20220117150729.0
008 181206s2012 -ph||||| |||| 00| 0 eng d
020 _a9789712362408
040 _beng
_erda
_cURS
050 1 4 _aKPM 2789
_bD3778 2012
100 1 _aDe Leon, Hector S,
_eauthor
245 1 0 _aThe fundamentals of taxation /
_cHector S. De Leon, Hector M. De Leon, Jr.
250 _aSixteenth edition
264 1 _aQuezon City :
_bRex Bookstore,
_c2012.
300 _axxvii, 425 pages ;
_c22 cm
336 _atext
_btxt
_2rdacontent
337 _aunmediated
_bn
_2rdamedia
338 _avolume
_bnc
_2rdacarrier
650 0 _aTaxation
_xLaw and legislation
_zPhilippines
700 _aDe Leon, Hector M. Jr.
_eauthor
942 _cF
_2lcc
999 _c5735
_d5735